[Event "XV Coppa"]
[Site "Sinnai ITA"]
[Date "2012.11.18"]
[Round "3"]
[White "Murgia, Elio"]
[Black "Giordano, Giulia"]
[WhiteElo "1724"]
[BlackElo "1619"]
[Result "0-1"]
[PlyCount "82"]
[EventDate "2012.11.17"]

1. b4 d5 2. e3 e5 3. c3 Be6 4. Bb2 Nd7 5. d4 Ngf6 6. Nd2 exd4 7. exd4 Nb6 8.
Bd3 Nc4 9. Nxc4 dxc4 10. Bc2 Qd5 11. Qf3 Bd6 12. O-O-O Qxf3 13. Nxf3 O-O-O 14.
h3 Bf4+ 15. Kb1 Bd5 16. Rhe1 Rhe8 17. Rxe8 Rxe8 18. Bf5+ Kb8 19. Re1 Rxe1+ 20.
Nxe1 g6 21. Bc2 Ne4 22. Bxe4 Bxe4+ 23. Ka1 Bd2 24. f3 Bd3 25. Nxd3 cxd3 26. Kb1
Be3 27. a4 Kc8 28. c4 Kd7 29. d5 Kd6 30. Bf6 Bd2 31. Bg7 Kd7 32. b5 Kd6 33. Kb2
Kc5 34. Kb3 Bc1 35. Bf8+ Kd4 36. d6 cxd6 37. Bxd6 d2 38. Kc2 Kxc4 39. Bc7 Kb4
40. b6 axb6 41. Bxb6 Kxa4 0-1

[Event "XV Coppa"]
[Site "Sinnai ITA"]
[Date "2012.11.18"]
[Round "3"]
[White "Pitzanti, Aldo"]
[Black "Pannella, Luigi"]
[WhiteElo "1302"]
[BlackElo "1487"]
[Result "0-1"]
[PlyCount "74"]
[EventDate "2012.11.17"]

1. e4 e5 2. Nf3 Nc6 3. Bb5 a6 4. Ba4 Nf6 5. O-O Bc5 6. c3 O-O 7. d4 exd4 8.
cxd4 Be7 9. Bc2 d6 10. Nc3 Bg4 11. d5 Ne5 12. Kh1 Qd7 13. Bf4 Nxf3 14. gxf3 Bh3
15. Rg1 Nh5 16. Be3 f5 17. f4 Bg4 18. f3 Bh3 19. e5 dxe5 20. fxe5 f4 21. e6 Qd8
22. Qd3 Bf5 23. Qe2 Bxc2 24. Qxc2 fxe3 25. Raf1 Bf6 26. Qe4 g6 27. f4 Kh8 28.
Rxg6 hxg6 29. Qxg6 Ng7 30. Qh6+ Kg8 31. Rg1 Bxc3 32. bxc3 Qf6 33. Rg6 Qxc3 34.
e7 Rf7 35. Rxg7+ Qxg7 36. Qe6 Re8 37. Qd7 Rfxe7 0-1

[Event "XV Coppa"]
[Site "Sinnai ITA"]
[Date "2012.11.18"]
[Round "3"]
[White "Pitzanti, Matteo"]
[Black "Dessy, Eugenio"]
[WhiteElo "1638"]
[BlackElo "1647"]
[Result "1-0"]
[PlyCount "55"]
[EventDate "2012.11.17"]

1. e4 e5 2. Nf3 Nc6 3. d4 exd4 4. Bc4 Bc5 5. O-O Nf6 6. e5 d5 7. exf6 dxc4 8.
fxg7 Rg8 9. Re1+ Be6 10. Ng5 Qd6 11. Nxe6 fxe6 12. Qh5+ Kd7 13. Nd2 Rxg7 14.
Ne4 Rag8 15. Nxd6 Rxg2+ 16. Kh1 Bxd6 17. Qf7+ Kd8 18. Qf6+ Ne7 19. f4 Rxc2 20.
Qxd4 Rgg2 21. Qh8+ Kd7 22. Qxh7 Bb4 23. Rd1+ Kc8 24. Qh3 Rg6 25. b3 Bc3 26. Rb1
Bg7 27. Qf3 c3 28. Qd3 1-0

[Event "XV Coppa"]
[Site "Sinnai ITA"]
[Date "2012.11.18"]
[Round "3"]
[White "Serra, Emanuele"]
[Black "Altea, Alessandro"]
[WhiteElo "1858"]
[BlackElo "1832"]
[Result "1/2-1/2"]
[PlyCount "74"]
[EventDate "2012.11.17"]

1. d4 d5 2. Bg5 Nf6 3. Nd2 h6 4. Bh4 Bf5 5. Ngf3 e6 6. e3 Be7 7. Bb5+ Nbd7 8.
Ne5 O-O 9. g4 Bh7 10. Bxf6 Nxf6 11. h4 c6 12. Bd3 Bxd3 13. Nxd3 Ne4 14. Qf3
Nxd2 15. Kxd2 g6 16. Qh3 c5 17. c3 cxd4 18. exd4 b5 19. f4 Qb6 20. Ne5 Rad8 21.
Qd3 Bd6 22. Rhf1 Bxe5 23. fxe5 b4 24. Rab1 Qa5 25. h5 bxc3+ 26. bxc3 Qxa2+ 27.
Ke3 g5 28. Rf6 Kg7 29. Rg6+ fxg6 30. Qxg6+ Kh8 31. Qxh6+ Kg8 32. Qxg5+ Kh8 33.
Qh6+ Kg8 34. Qxe6+ Kh8 35. Qh6+ Kg8 36. Qg5+ Kh8 37. Qh6+ Kg8 1/2-1/2

[Event "XV Coppa"]
[Site "Sinnai ITA"]
[Date "2012.11.24"]
[Round "4"]
[White "Altea, Alessandro"]
[Black "Pitzanti, Matteo"]
[WhiteElo "1832"]
[BlackElo "1638"]
[Result "0-1"]
[PlyCount "74"]
[EventDate "2012.11.17"]

1. e4 c5 2. Nf3 d6 3. d4 cxd4 4. Qxd4 Nd7 5. Nc3 a6 6. Bc4 e6 7. Bg5 Qc7 8. Bb3
Ngf6 9. O-O-O Be7 10. Kb1 b5 11. Rhe1 Bb7 12. h4 h6 13. Bxf6 Nxf6 14. g4 Qc5
15. g5 Qxd4 16. Nxd4 Nd7 17. g6 Nc5 18. gxf7+ Kxf7 19. e5 d5 20. h5 Rhf8 21.
Rg1 Bg5 22. Rg4 Kg8 23. Rf1 b4 24. Nce2 Ne4 25. Rxe4 dxe4 26. Nxe6 Kh7 27.
Nxf8+ Rxf8 28. Ng3 Bf4 29. Re1 e3 30. Nf1 exf2 31. Re2 Bg5 32. c3 Bg2 33. Nh2
f1=Q+ 34. Nxf1 Rxf1+ 35. Kc2 Rc1+ 36. Kd3 Bf1 37. cxb4 Re1 0-1

[Event "XV Coppa"]
[Site "Sinnai ITA"]
[Date "2012.11.24"]
[Round "4"]
[White "Altea, Luca"]
[Black "Melis, Alessio"]
[WhiteElo "1374"]
[BlackElo "1344"]
[Result "0-1"]
[PlyCount "112"]
[EventDate "2012.11.17"]

1. e4 e5 2. d4 exd4 3. Bc4 Nc6 4. Nf3 Bb4+ 5. Bd2 Bc5 6. O-O d6 7. Na3 Ne5 8.
Bf4 Bg4 9. Bxe5 dxe5 10. Qd3 Qf6 11. Nb5 Bb6 12. Na3 Ne7 13. Bb5+ c6 14. Ba4
Bxf3 15. Qxf3 Qxf3 16. gxf3 O-O 17. Kh1 Ng6 18. Rg1 Bd8 19. Nc4 b5 20. Nxe5
Nxe5 21. Bb3 a5 22. c3 dxc3 23. Bd1 cxb2 24. Rb1 Nd3 25. Rf1 Ne5 26. Rxb2 Bf6
27. Rd2 Rad8 28. Re2 Nxf3 29. Rc2 Ne5 30. Rc3 b4 31. Rg3 Rd7 32. Rfg1 Rfd8 33.
Bg4 Nxg4 34. Rxg4 Rd1 35. h3 Rxg1+ 36. Rxg1 c5 37. Rc1 Bd4 38. Kg2 Rc8 39. Rd1
Bf6 40. Kf3 c4 41. Kf4 c3 42. e5 Be7 43. Ke3 c2 44. Rc1 Bg5+ 45. Kd3 Bxc1 46.
Ke2 Rd8 47. Kf3 Bb2 48. Ke2 c1=Q 49. Kf3 Qc3+ 50. Kg2 Qxe5 51. h4 Rd3 52. h5
Qxh5 53. Kf1 Rd1+ 54. Kg2 Qg4+ 55. Kh2 Be5+ 56. f4 Bxf4# 0-1

[Event "XV Coppa"]
[Site "Sinnai ITA"]
[Date "2012.11.24"]
[Round "4"]
[White "Cuccu, Giovanni"]
[Black "Boi, Fausto"]
[WhiteElo "1428"]
[BlackElo "1774"]
[Result "0-1"]
[PlyCount "110"]
[EventDate "2012.11.17"]

1. e4 e5 2. Nf3 d6 3. Bc4 h6 4. Nc3 Qe7 5. d3 Be6 6. Bxe6 fxe6 7. Be3 Nc6 8.
O-O O-O-O 9. d4 exd4 10. Nxd4 Ne5 11. Nf3 Nxf3+ 12. Qxf3 a6 13. Rad1 g5 14. Bd4
Bg7 15. Bxg7 Qxg7 16. Rfe1 g4 17. Qf4 e5 18. Qf5+ Kb8 19. Re3 Rf8 20. Qe6 Nf6
21. Nd5 Nh5 22. Rdd3 Nf4 23. Nxf4 exf4 24. Re1 f3 25. Ree3 Qxb2 26. gxf3 Qc1+
27. Kg2 gxf3+ 28. Rxf3 Rhg8+ 29. Kh3 Re8 30. Qc4 Qf1+ 31. Kh4 Qg2 32. Rg3 Rxe4+
33. Qxe4 Qxe4+ 34. Kh5 Qe5+ 35. Kh4 Qf4+ 36. Kh3 Rxg3+ 37. Rxg3 Qxf2 38. Rg6
Qf5+ 39. Rg4 h5 40. Kg3 Qxg4+ 41. Kf2 Qe4 42. c3 Qc2+ 43. Ke3 Qxc3+ 44. Ke4 a5
45. h4 b5 46. Kf5 a4 47. Kg5 Qe5+ 48. Kg6 b4 49. Kf7 b3 50. axb3 axb3 51. Kg6
b2 52. Kf7 Kc8 53. Kg6 b1=Q+ 54. Kf7 Qh7+ 55. Kf8 Qee7# 0-1

[Event "XV Coppa"]
[Site "Sinnai ITA"]
[Date "2012.11.24"]
[Round "4"]
[White "Depau, Alessandro"]
[Black "Corona, Rafaele"]
[WhiteElo "1686"]
[BlackElo "1647"]
[Result "0-1"]
[PlyCount "82"]
[EventDate "2012.11.17"]

1. Nf3 d5 2. c4 e6 3. cxd5 exd5 4. d4 c6 5. Bf4 Bd6 6. Bg3 Nf6 7. Nc3 Ne4 8.
Nxe4 dxe4 9. Nd2 Bxg3 10. hxg3 Qxd4 11. Qc2 f5 12. e3 Qf6 13. Bc4 Nd7 14. Rh4
Ne5 15. Nxe4 fxe4 16. Qxe4 Bf5 17. Qd4 Nxc4 18. Qxc4 O-O-O 19. Qb3 Rd3 20. Qb4
Qe5 21. a4 Rxe3+ 22. Kf1 Bd3+ 23. Kg1 Re2 24. Rf4 Qe7 25. Qa5 Kb8 26. Qc3 Bg6
27. b4 Rf8 28. Qd4 Rd8 29. Qc4 Rc2 30. Qb3 Qe5 31. Rf1 Bd3 32. Rd1 Qe2 33. Ra1
g5 34. Rf3 Be4 35. Rf6 Bd5 36. Qa3 Qe5 37. Rh6 Qd4 38. Rf1 Bc4 39. Qa1 Bxf1 40.
Qxf1 Rf8 41. Kh1 Rcxf2 0-1

[Event "XV Coppa"]
[Site "Sinnai ITA"]
[Date "2012.11.24"]
[Round "4"]
[White "Dessy, Eugenio"]
[Black "Pitzanti, Aldo"]
[WhiteElo "1647"]
[BlackElo "1302"]
[Result "1-0"]
[PlyCount "81"]
[EventDate "2012.11.17"]

1. c4 Nc6 2. Nc3 e6 3. g3 g6 4. Bg2 Bg7 5. Nf3 Nf6 6. O-O O-O 7. d3 Re8 8. Bg5
Ne7 9. Qd2 d6 10. d4 c6 11. Rfd1 Qc7 12. Rac1 Bd7 13. Bf4 Qd8 14. Bxd6 Nf5 15.
Be5 Rc8 16. Bxf6 Bxf6 17. e4 Ng7 18. e5 Be7 19. Ne4 f6 20. exf6 Bxf6 21. Nd6
Qb6 22. Nxe8 Rxe8 23. Ne5 Bc8 24. Ng4 Be7 25. Nh6+ Kh8 26. Re1 Rf8 27. a3 Nf5
28. Nxf5 gxf5 29. Qf4 Bd7 30. b4 Qd8 31. d5 Bg5 32. Qe5+ Kg8 33. Rcd1 Bf6 34.
Qe3 exd5 35. cxd5 Re8 36. Qxa7 Rxe1+ 37. Rxe1 Qc7 38. Qc5 Kf7 39. Qc4 Kg6 40.
dxc6 Bxc6 41. b5 1-0

[Event "XV Coppa"]
[Site "Sinnai ITA"]
[Date "2012.11.24"]
[Round "4"]
[White "Erriu, Giampiero"]
[Black "Serra, Emanuele"]
[WhiteElo "1704"]
[BlackElo "1858"]
[Result "0-1"]
[PlyCount "74"]
[EventDate "2012.11.17"]

1. c4 b5 2. c5 e5 3. b4 a5 4. bxa5 Bxc5 5. Bb2 Nc6 6. e3 Rxa5 7. g3 Nf6 8. Bg2
Bb7 9. Nc3 Nb4 10. Bxb7 Nd3+ 11. Kf1 Nxb2 12. Qc2 Nc4 13. Bg2 Ng4 14. Ke2 c6
15. Bf3 Nf6 16. h4 d5 17. Nh3 b4 18. Na4 Na3 19. Qb3 Bd6 20. Rac1 Qa8 21. Kf1
Rxa4 22. Kg2 Nc4 23. Rxc4 dxc4 24. Qxc4 O-O 25. Bxc6 Qc8 26. Rc1 Ra7 27. d4
exd4 28. exd4 Qf5 29. Bf3 Rc7 30. Qf1 Rxc1 31. Qxc1 Rc8 32. Qf1 Rc3 33. Qe2 h6
34. Ng1 Rc2 35. Qa6 Qe6 36. d5 Rxf2+ 37. Kxf2 Bxg3+ 0-1

[Event "XV Coppa"]
[Site "Sinnai ITA"]
[Date "2012.11.24"]
[Round "4"]
[White "Giannoni, Federico"]
[Black "Pannella, Antonello"]
[WhiteElo "1820"]
[BlackElo "1536"]
[Result "1-0"]
[PlyCount "74"]
[EventDate "2012.11.17"]

1. Nf3 f5 2. d4 Nf6 3. Bg5 b6 4. e3 Bb7 5. Nbd2 Nc6 6. Bxf6 exf6 7. c3 Bd6 8.
Nc4 Qe7 9. Bd3 g6 10. Qc2 O-O-O 11. O-O-O Rde8 12. Rde1 Qf8 13. Kb1 Be7 14. h4
h5 15. Ncd2 Qf7 16. Bc4 d5 17. Bb5 a6 18. Bd3 Bd6 19. g3 Re7 20. Reg1 Rhe8 21.
Ne1 Nb8 22. Ng2 c5 23. Nf4 Bxf4 24. gxf4 c4 25. Bf1 Rg8 26. Bh3 Kc7 27. Rg3 Bc8
28. Rhg1 Qe8 29. Ka1 Bd7 30. Bg2 Bc6 31. Bf3 Rh7 32. Qd1 Rhh8 33. Qf1 Nd7 34.
Qg2 Nf8 35. Bxd5 Bxd5 36. Qxd5 Qc6 37. Qxc4 Rh7 1-0

[Event "XV Coppa"]
[Site "Sinnai ITA"]
[Date "2012.11.24"]
[Round "4"]
[White "Giordano, Giulia"]
[Black "Lobina, Giulio"]
[WhiteElo "1619"]
[BlackElo "1823"]
[Result "0-1"]
[PlyCount "104"]
[EventDate "2012.11.17"]

1. d4 e6 2. c4 d5 3. Nf3 dxc4 4. Qa4+ Bd7 5. Qxc4 b5 6. Qc2 Nc6 7. e4 Nb4 8.
Qb3 a5 9. a3 a4 10. Qd1 Na6 11. Nc3 c6 12. Bd3 Nc7 13. Be3 Nf6 14. h3 Be7 15.
O-O O-O 16. Rc1 Nfe8 17. Ne5 f5 18. f4 fxe4 19. Bxe4 Nd5 20. Nxd5 exd5 21. Bb1
Rc8 22. f5 Bf6 23. Qh5 Nd6 24. Nxd7 Qxd7 25. g4 Qe8 26. Qxe8 Rfxe8 27. Bf2 Re2
28. Rc2 Rxc2 29. Bxc2 Re8 30. Bd3 Nc4 31. Bxc4 dxc4 32. h4 h6 33. g5 hxg5 34.
hxg5 Bxg5 35. Re1 Rxe1+ 36. Bxe1 Be3+ 37. Kf1 Bxd4 38. Bc3 c5 39. Ke2 Kf7 40.
Kd2 Kf6 41. Kc2 Kxf5 42. Kb1 g5 43. Ka2 Ke4 44. b4 Bxc3 45. bxc5 g4 46. c6 Be5
47. c7 Bxc7 48. Ka1 g3 49. Kb2 g2 50. Ka2 g1=Q 51. Kb2 Be5+ 52. Ka2 Qa1# 0-1

[Event "XV Coppa"]
[Site "Sinnai ITA"]
[Date "2012.11.24"]
[Round "4"]
[White "Mereu, Matteo"]
[Black "Locci, Damiano"]
[WhiteElo "1926"]
[BlackElo "2115"]
[Result "0-1"]
[PlyCount "102"]
[EventDate "2012.11.17"]

1. d4 d5 2. Nc3 e6 3. e4 Bb4 4. e5 b6 5. Bd2 Qd7 6. Nh3 Bb7 7. Bd3 Nc6 8. Ne2
Bf8 9. O-O g6 10. c3 Bg7 11. b4 Nge7 12. f4 h5 13. Re1 a6 14. Be3 Nf5 15. Bxf5
exf5 16. Nc1 Nd8 17. a4 Ne6 18. Ng5 Nxg5 19. fxg5 O-O 20. h4 Qc6 21. Qd2 Bc8
22. Nd3 Be6 23. Ra3 a5 24. Rea1 Rfd8 25. b5 Qb7 26. Rb3 Rac8 27. Rab1 Bf8 28.
Nf4 Rb8 29. Qe2 Rdc8 30. Nxh5 gxh5 31. Qxh5 c5 32. Rf1 Bg7 33. g4 Qd7 34. g6
fxg6 35. Qxg6 Rf8 36. Bh6 Qf7 37. Qg5 Kh7 38. Qxg7+ Qxg7 39. Bxg7 Kxg7 40. gxf5
Rxf5 41. Rxf5 Bxf5 42. Kf2 Bc2 43. Ra3 c4 44. Ke3 Kg6 45. Ra1 Kh5 46. Re1 Rf8
47. e6 Be4 48. Kd2 Rf2+ 49. Ke3 Rf6 50. Rg1 Rxe6 51. Rg5+ Kxh4 0-1

[Event "XV Coppa"]
[Site "Sinnai ITA"]
[Date "2012.11.24"]
[Round "4"]
[White "Onnis, Luca"]
[Black "Arrigo, Andrea"]
[WhiteElo "1653"]
[BlackElo "1546"]
[Result "0-1"]
[PlyCount "108"]
[EventDate "2012.11.17"]

1. e4 c5 2. Nf3 d6 3. g3 Nc6 4. Bg2 Nf6 5. d3 g6 6. O-O Bg7 7. Re1 Bg4 8. h3
Bxf3 9. Bxf3 O-O 10. Be3 Qc8 11. Kh2 Rb8 12. c3 b6 13. Nd2 Nd7 14. Nb3 Nde5 15.
d4 Nxf3+ 16. Qxf3 f5 17. Rf1 fxe4 18. Qxe4 Qd7 19. Rad1 Qb7 20. dxc5 bxc5 21.
Rd2 Ne5 22. Qxb7 Rxb7 23. f4 Nc4 24. Re2 Nxe3 25. Rxe3 e5 26. Rf2 exf4 27. gxf4
Bh6 28. Ref3 Rbf7 29. Kg3 Re8 30. Nd2 Rb7 31. Nc4 Reb8 32. Nxd6 Rxb2 33. Rxb2
Rxb2 34. Rf2 Rxf2 35. Kxf2 Bxf4 36. Nb7 Be5 37. Nxc5 Bxc3 38. Ke3 Kf7 39. Kf4
h6 40. Kg4 Ke7 41. Kf3 Bg7 42. Nd3 Ke6 43. Ke2 g5 44. Nc1 Kd5 45. Kd3 h5 46.
Ne2 Be5 47. Ng1 g4 48. hxg4 hxg4 49. Ne2 Kc5 50. Kc2 Kb4 51. Kb1 Kc4 52. Kc2
Kb4 53. Kb1 g3 54. Ng1 g2 0-1

[Event "XV Coppa"]
[Site "Sinnai ITA"]
[Date "2012.11.24"]
[Round "4"]
[White "Palmieri, Roberto"]
[Black "Mallo', Danilo"]
[WhiteElo "1865"]
[BlackElo "1888"]
[Result "1-0"]
[PlyCount "25"]
[EventDate "2012.11.17"]

1. d4 Nf6 2. c4 e6 3. Nf3 b6 4. e3 Bb7 5. Bd3 c5 6. O-O Na6 7. a3 Be7 8. Nc3
O-O 9. Bd2 Qc7 10. Re1 d5 11. cxd5 Nxd5 12. Qe2 cxd4 13. Nxd5 1-0

[Event "XV Coppa"]
[Site "Sinnai ITA"]
[Date "2012.11.24"]
[Round "4"]
[White "Pannella, Luigi"]
[Black "Murgia, Elio"]
[WhiteElo "1487"]
[BlackElo "1724"]
[Result "0-1"]
[PlyCount "62"]
[EventDate "2012.11.17"]

1. e4 c5 2. Nf3 d6 3. d4 cxd4 4. Nxd4 Nf6 5. Nc3 e6 6. Be3 Nc6 7. Qd2 Be7 8.
O-O-O O-O 9. Bc4 a6 10. h3 Qc7 11. Rhe1 b5 12. Bd3 Bb7 13. Nxc6 Bxc6 14. Bg5
Rac8 15. f4 b4 16. Nb1 d5 17. e5 Ne4 18. Bxe4 dxe4 19. Bxe7 Qxe7 20. Qd6 Qb7
21. a3 a5 22. Rd4 Bd5 23. Rxd5 exd5 24. e6 fxe6 25. Qxe6+ Qf7 26. Qd6 Qxf4+ 27.
Qxf4 Rxf4 28. axb4 axb4 29. Nd2 Rf2 30. Rg1 e3 31. Nf3 Rcxc2+ 0-1

[Event "XV Coppa"]
[Site "Sinnai ITA"]
[Date "2012.11.25"]
[Round "5"]
[White "Arrigo, Andrea"]
[Black "Erriu, Giampiero"]
[WhiteElo "1546"]
[BlackElo "1704"]
[Result "1-0"]
[PlyCount "55"]
[EventDate "2012.11.17"]

1. Nf3 Nc6 2. d4 d5 3. c4 e6 4. Nc3 Nf6 5. a3 dxc4 6. e4 Be7 7. Bxc4 a6 8. O-O
b5 9. Bb3 Bb7 10. Bf4 O-O 11. Re1 Nh5 12. Qd2 Nxf4 13. Qxf4 b4 14. axb4 Nxb4
15. Rad1 c6 16. Qe3 Qc7 17. d5 cxd5 18. exd5 Bc5 19. Qe5 Bd6 20. Qh5 h6 21.
dxe6 Bxf3 22. exf7+ Kh8 23. gxf3 Rad8 24. Re6 Bxh2+ 25. Qxh2 Rxd1+ 26. Nxd1
Qxh2+ 27. Kxh2 Rxf7 28. Re8+ 1-0

[Event "XV Coppa"]
[Site "Sinnai ITA"]
[Date "2012.11.25"]
[Round "5"]
[White "Boi, Fausto"]
[Black "Pitzanti, Matteo"]
[WhiteElo "1774"]
[BlackElo "1638"]
[Result "0-1"]
[PlyCount "98"]
[EventDate "2012.11.17"]

1. d4 d5 2. e3 e6 3. Bd3 Nf6 4. Ne2 Bd6 5. h3 Nbd7 6. Nd2 e5 7. Bb5 c6 8. Ba4
Qe7 9. O-O O-O 10. c3 c5 11. Re1 a6 12. Bc2 Re8 13. dxc5 Bxc5 14. Ng3 Nb6 15.
Nb3 Bd6 16. e4 Bd7 17. Be3 Nc4 18. Bc1 Bc7 19. exd5 Nd6 20. Nc5 Bc8 21. Nce4
Nfxe4 22. Nxe4 Nxe4 23. Bxe4 f5 24. Bc2 Qf6 25. Rb1 Bd7 26. c4 b6 27. b3 Bd6
28. Qh5 e4 29. Bb2 Be5 30. Bxe5 Qxe5 31. Qe2 Qf6 32. Qd2 Qg6 33. Qf4 Rac8 34.
Red1 Qf6 35. Rdc1 g5 36. Qd2 f4 37. Re1 Bf5 38. Qb4 h5 39. d6 Rcd8 40. Rbd1 g4
41. hxg4 Bxg4 42. Rc1 e3 43. f3 Bxf3 44. Qxb6 Qg5 45. Re2 Bxe2 46. Qb7 Qg7 47.
Qd5+ Kh8 48. c5 Re5 49. Qc6 f3 0-1

[Event "XV Coppa"]
[Site "Sinnai ITA"]
[Date "2012.11.25"]
[Round "5"]
[White "Cuccu, Giovanni"]
[Black "Giordano, Giulia"]
[WhiteElo "1428"]
[BlackElo "1619"]
[Result "0-1"]
[PlyCount "68"]
[EventDate "2012.11.17"]

1. e4 c5 2. d3 d6 3. Nf3 Nc6 4. g3 Nf6 5. Bg2 g6 6. O-O Bg7 7. Nc3 O-O 8. Bg5
h6 9. Be3 e6 10. Qd2 Ng4 11. Rfe1 Nxe3 12. Qxe3 Nb4 13. Re2 Qb6 14. a3 Nc6 15.
Na4 Qb5 16. Nc3 Qxb2 17. Ra2 Qxc3 18. Nd2 Qd4 19. Qf3 Ne5 20. Qf4 g5 21. Qe3
Qxe3 22. Rxe3 b5 23. c4 bxc4 24. dxc4 Rb8 25. Nf3 Nxc4 26. Rd3 Ba6 27. Rc2 Ne5
28. Rxd6 Rb1+ 29. Bf1 Nxf3+ 30. Kg2 Ne1+ 31. Kg1 Nxc2 32. Rxa6 c4 33. Rc6 Nxa3
34. Rc7 c3 0-1

[Event "XV Coppa"]
[Site "Sinnai ITA"]
[Date "2012.11.25"]
[Round "5"]
[White "Lobina, Giulio"]
[Black "Mereu, Matteo"]
[WhiteElo "1823"]
[BlackElo "1926"]
[Result "1/2-1/2"]
[PlyCount "93"]
[EventDate "2012.11.17"]

1. e4 Nc6 2. Nf3 d5 3. exd5 Qxd5 4. Nc3 Qa5 5. Bb5 Bd7 6. O-O e6 7. a3 Bd6 8.
d4 a6 9. Bd3 Qh5 10. Ne4 Nf6 11. Nxd6+ cxd6 12. Bf4 Qg4 13. Bxd6 Nxd4 14. Ne5
Qxd1 15. Raxd1 Nb5 16. Bxb5 Bxb5 17. c4 Bc6 18. Rfe1 Rc8 19. b4 Ne4 20. Nxc6
Nxd6 21. Rxd6 Rxc6 22. Red1 Rxd6 23. Rxd6 Ke7 24. Rb6 Rb8 25. c5 Kd7 26. Rd6+
Kc7 27. Kf1 b6 28. Rxb6 Rxb6 29. cxb6+ Kxb6 30. a4 Kc6 31. Ke2 Kd5 32. Kd3 e5
33. g4 f6 34. h4 g6 35. h5 e4+ 36. Ke3 Kc4 37. b5 axb5 38. axb5 Kxb5 39. Kxe4
Kc5 40. hxg6 hxg6 41. g5 Kd6 42. gxf6 Ke6 43. f7 Kxf7 44. Ke5 Kg7 45. Ke6 Kh6
46. Kf6 Kh5 47. f4 1/2-1/2

[Event "XV Coppa"]
[Site "Sinnai ITA"]
[Date "2012.11.25"]
[Round "5"]
[White "Locci, Damiano"]
[Black "Palmieri, Roberto"]
[WhiteElo "2115"]
[BlackElo "1865"]
[Result "1-0"]
[PlyCount "69"]
[EventDate "2012.11.17"]

1. e4 c5 2. Nf3 d6 3. d4 cxd4 4. Qxd4 Nc6 5. Bb5 Bd7 6. Bxc6 Bxc6 7. Nc3 Nf6 8.
Bg5 e5 9. Qd3 Be7 10. Rd1 Qb6 11. Bxf6 Bxf6 12. b3 Rd8 13. O-O O-O 14. Nd5 Bxd5
15. Qxd5 Qa6 16. a4 Qc6 17. c4 Be7 18. Rfe1 Kh8 19. Rd3 Qxd5 20. Rxd5 f5 21.
exf5 Rxf5 22. Nd2 Rf6 23. Ne4 Rg6 24. Red1 b6 25. a5 Kg8 26. axb6 axb6 27. Ra1
Rb8 28. Ra7 Kf8 29. Rb5 Ke8 30. f3 Kf8 31. Nc3 Bd8 32. Nd5 Re6 33. Ra6 Ke8 34.
Nxb6 d5 35. Nxd5 1-0

[Event "XV Coppa"]
[Site "Sinnai ITA"]
[Date "2012.11.25"]
[Round "5"]
[White "Mallo', Danilo"]
[Black "Altea, Alessandro"]
[WhiteElo "1888"]
[BlackElo "1832"]
[Result "0-1"]
[PlyCount "116"]
[EventDate "2012.11.17"]

1. d4 Nf6 2. c4 g6 3. Nc3 Bg7 4. Nf3 O-O 5. e3 d6 6. Be2 c5 7. O-O Na6 8. a3
Bg4 9. Qd3 Rc8 10. d5 Nc7 11. h3 Bd7 12. Rd1 Rb8 13. Nb5 a6 14. Nxc7 Qxc7 15.
Bd2 b5 16. Qc2 Bf5 17. Bd3 Bxd3 18. Qxd3 bxc4 19. Qxc4 Rxb2 20. Qxa6 Rfb8 21.
Bc3 R2b3 22. Rac1 R8b7 23. a4 Nd7 24. Bxg7 Kxg7 25. Nd4 Nb8 26. Qe2 R3b4 27.
Nb5 Qa5 28. Nc3 Nd7 29. Rc2 Nb6 30. Ra1 Ra7 31. Rca2 Ra8 32. Qc2 Rc4 33. Ra3
Nxd5 34. Qd3 Rxc3 35. Qxd5 Rxa3 36. Rxa3 Rb8 37. Rb3 Rb4 38. e4 Qxa4 39. Rf3
Qa1+ 40. Kh2 Qe5+ 41. Qxe5+ dxe5 42. Re3 Rd4 43. f3 Kf6 44. h4 h5 45. Kg3 c4
46. Rc3 Ke6 47. Kf2 Kd6 48. g3 Kc5 49. Ke3 Kb4 50. Rc1 Rd3+ 51. Ke2 Rb3 52. g4
Rb2+ 53. Ke3 Kb3 54. f4 exf4+ 55. Kxf4 hxg4 56. Kxg4 c3 57. Kf3 c2 58. Ke2 Rb1
0-1

[Event "XV Coppa"]
[Site "Sinnai ITA"]
[Date "2012.11.25"]
[Round "5"]
[White "Melis, Alessio"]
[Black "Depau, Alessandro"]
[WhiteElo "1344"]
[BlackElo "1686"]
[Result "0-1"]
[PlyCount "60"]
[EventDate "2012.11.17"]

1. e4 c6 2. d4 d5 3. e5 Bf5 4. Nf3 e6 5. Bd2 Nd7 6. Nc3 c5 7. dxc5 Bxc5 8. Bb5
a6 9. Bxd7+ Qxd7 10. O-O Rc8 11. Ne2 Bxc2 12. Qe1 Ne7 13. Rc1 Be4 14. Nfd4 Nf5
15. Nxf5 Bxf5 16. b4 Bb6 17. a3 O-O 18. Nc3 Bd3 19. Ne2 f6 20. exf6 Rxf6 21.
Bc3 Rf7 22. Qd2 Bc4 23. Be5 Rcf8 24. Bg3 Qa4 25. Qb2 Qe8 26. Bd6 Rxf2 27. Rxf2
Rxf2 28. Rf1 Rxe2+ 29. Kh1 Rxb2 30. h3 Bxf1 0-1

[Event "XV Coppa"]
[Site "Sinnai ITA"]
[Date "2012.11.25"]
[Round "5"]
[White "Murgia, Elio"]
[Black "Toniolo, Massimo"]
[WhiteElo "1724"]
[BlackElo "1738"]
[Result "0-1"]
[PlyCount "56"]
[EventDate "2012.11.17"]

1. d4 Nf6 2. c4 c5 3. d5 b5 4. cxb5 a6 5. e3 axb5 6. Bxb5 Qa5+ 7. Nc3 Ne4 8.
Qd3 Nxc3 9. bxc3 g6 10. Ne2 Bg7 11. O-O O-O 12. Bd2 d6 13. a4 Ba6 14. Rfb1 Nd7
15. f4 Bxb5 16. axb5 Qxa1 17. Rxa1 Rxa1+ 18. Kf2 Nb6 19. e4 Rfa8 20. g4 R8a2
21. Be1 Rb2 22. e5 Raa2 23. exd6 Rxe2+ 24. Kf1 Rxh2 25. Qf3 exd6 26. f5 Be5 27.
Qe4 Nc4 28. Kg1 Rhe2 0-1

[Event "XV Coppa"]
[Site "Sinnai ITA"]
[Date "2012.11.25"]
[Round "5"]
[White "Pannella, Antonello"]
[Black "Pannella, Luigi"]
[WhiteElo "1536"]
[BlackElo "1487"]
[Result "1/2-1/2"]
[PlyCount "30"]
[EventDate "2012.11.17"]

1. a4 a5 2. h4 h5 3. d4 d5 4. e4 e5 5. c4 c5 6. f4 f5 7. b4 b5 8. g4 g5 9. Nc3
Nc6 10. Nf3 Nf6 11. Bd3 Bd6 12. Be3 Be6 13. Rh3 Rh6 14. Ra3 Ra6 15. Qb3 Qb6
1/2-1/2

[Event "XV Coppa"]
[Site "Sinnai ITA"]
[Date "2012.11.25"]
[Round "5"]
[White "Serra, Emanuele"]
[Black "Giannoni, Federico"]
[WhiteElo "1858"]
[BlackElo "1820"]
[Result "1-0"]
[PlyCount "87"]
[EventDate "2012.11.17"]

1. d4 Nf6 2. Bg5 Ne4 3. Bh4 d5 4. Nd2 Bf5 5. Ngf3 Nd7 6. e3 c6 7. Be2 Qb6 8.
Nxe4 Bxe4 9. Rb1 e6 10. O-O Bd6 11. Bd3 Bg6 12. b3 Qc7 13. c4 Bxd3 14. Qxd3
dxc4 15. bxc4 b6 16. Rfd1 c5 17. d5 e5 18. Qf5 g6 19. Qd3 f6 20. e4 O-O-O 21.
Ne1 g5 22. Bg3 h5 23. f3 h4 24. Bf2 Rdg8 25. Nc2 g4 26. Be1 Nf8 27. a4 Qg7 28.
Na3 Ng6 29. Bd2 gxf3 30. Qxf3 h3 31. Nb5 Bb8 32. Qg4+ Kd8 33. g3 Qf7 34. Rb3
Nf4 35. Qf3 Qg6 36. d6 Ne6 37. Rf1 Rf8 38. Be3 Nd4 39. Bxd4 cxd4 40. c5 bxc5
41. Nxd4 Kd7 42. Nf5 Rh5 43. Rb7+ Kc6 44. Ne7+ 1-0

[Event "XV Coppa"]
[Site "Sinnai ITA"]
[Date "2012.11.25"]
[Round "6"]
[White "Altea, Luca"]
[Black "Pitzanti, Aldo"]
[WhiteElo "1374"]
[BlackElo "1302"]
[Result "1/2-1/2"]
[PlyCount "48"]
[EventDate "2012.11.17"]

1. e4 c5 2. d4 cxd4 3. Bc4 e6 4. Nf3 d5 5. exd5 exd5 6. Bxd5 Qxd5 7. Qxd4 Qxd4
8. Nxd4 Nf6 9. O-O Be7 10. Re1 Nc6 11. Nxc6 bxc6 12. Bg5 Be6 13. Nc3 Nd5 14.
Nxd5 cxd5 15. Bxe7 Kxe7 16. Rad1 Rad8 17. b4 Rhe8 18. a4 Kf8 19. Rc1 Rc8 20. b5
Rc4 21. a5 Rec8 22. b6 axb6 23. axb6 Rb8 24. Rb1 Rxc2 1/2-1/2